000
00209nam a2200085Ia 4500
245
0
_a
Brazil
100
_a
DICKS, Brian New York, 2003
_9
80049
942
_c
BK
008
210817s9999 xx 000 0 und d
999
_c
280205
_d
280204